000 00564nam a2200229Ia 4500
005 20241216010540.0
008 180423s9999||||xx |||||||||||||| ||und||
020 _a84-282-0329-6
082 _a574.192
_bK84
100 _aKRUH
245 0 _aBIOQUIMICA
250 _a3
260 _aBARCELONA-ESPAÑA
_bOMEGA
_c1978
300 _a537 pag
_c22 cm
341 _h0
490 _v0
_a0
505 _aCOMPUESTOS/MACROMOLECULAS/ENERGIA/OXIDACION/DEGRADACION/BIOS
541 _aC
_d21-Apr-04
650 _aCIENCIAS PURAS
856 _zCC. Puras
942 _cLIBRO
999 _c17453
_d17453